| 000 | 00554nam a2200229Ia 4500 | ||
|---|---|---|---|
| 008 | 160803s9999 xx 000 0 und d | ||
| 020 | _a0 439051533 | ||
| 100 | _aShannon, David | ||
| 245 | 4 | _aThe rain came down / | |
| 245 | _cDavid Shannon. | ||
| 260 | _aNew York : | ||
| 260 | _bScholastic Inc. | ||
| 260 | _c2000 | ||
| 300 | _aunnumbered pages : | ||
| 300 | _bcolor illustrations ; | ||
| 300 | _c21 cm | ||
| 650 | _aQuarreling -- | ||
| 650 | _aRain and rainfall -- | ||
| 650 | _xFiction. | ||
| 650 | _xFiction. | ||
| 700 | _a370 | ||
| 999 |
_c299374 _d299374 |
||